Adivina los futbolistas por sus trayectorias profesionales #6 - Estadísticas

Estadísticas generales
  • Esta prueba ha sido intentada 894 veces
  • La puntuación promedio es 5 de 10
Estadísticas de respuestas
Jugadores Clubes % Correcto
Luka Modrić
94%
Eden Hazard
70%
Marco Reus
65%
Andrea Pirlo
55%
Gabriel Batistuta
46%
Miroslav Klose
45%
Gheorghe Hagi
41%
Dennis Bergkamp
28%
Hristo Stoichkov
28%
Zico
23%
No se encontraron pruebas coincidentes
Distribución de puntuación
Porcentaje de gente con cada puntuación
Porcentaje por número respondido
Historial de tus puntuaciones
No has intentado esta prueba.